| 000 | 01472nam a2200301 a 4500 | ||
|---|---|---|---|
| 001 | 000039140 | ||
| 005 | 20201002031520.0 | ||
| 008 | 081028s2000 dr 000 0 spa d | ||
| 020 | _a8492243503 | ||
| 040 |
_aDO-SdBNP _bspa _cBNPHU |
||
| 082 |
_a465 _bG216m, 2000 |
||
| 100 | 1 |
_aGarcía, Bartolo _91360 |
|
| 245 | 1 | 0 |
_aMorfosintaxis funcional del español : _bteoría-análisis-producción / _cBartolo García, Rafael Núñez, Julio de los Santos. |
| 250 | _a4a ed. | ||
| 260 |
_aSanto Domingo : _bSurco , _c2000. |
||
| 300 |
_a346 ; _c22 cm. |
||
| 504 | _aBibliografía : p. 341-346 | ||
| 505 | 0 |
_tPrefacio -- _tNota a la cuarta edición -- _tLingüística y visión de la lengua -- _tMorfología y sintáxis y las demás -- _tCategorías formales -- _tRelación significante-significado -- _tEl morfema -- _tMorfología verbal -- _tLa oración -- _tEl sujeto -- _tEl predicado -- _tVisión holística del análisis sintáctico -- _tOraciones y proposiciones -- _tProposiciones coordinadas -- _tProposiciones subordinadas -- _tÍndice de textos -- _tBibliografía. |
|
| 590 | _aInventariado, 2018/LP | ||
| 650 | 4 |
_aEspañol _xGramática _xEstudios y enseñanza _91361 |
|
| 650 | 4 |
_aEspañol _xComposición y ejercicios _91362 |
|
| 650 | 4 |
_aEspañol _xMorfosintaxis _91363 |
|
| 650 | 4 |
_aEspañol _xSintaxis _91364 |
|
| 650 | 4 |
_aEspañol _xMorfología _91365 |
|
| 700 | 1 | 2 |
_aNúñez, Rafael _91366 |
| 700 | 1 | 2 |
_aSantos, Julio de los _91367 |
| 910 | _aValidado. Control de calidad MFF | ||
| 999 |
_c38630 _d38630 |
||